[Event "Cheliabinsk Kibizov Memorial 5th"]
[Site "Cheliabinsk"]
[Date "2010.06.26"]
[Round "3"]
[White "Matiushinsky, Vladimir"]
[Black "Khafizova, Yana"]
[Result "1/2-1/2"]
[WhiteElo "2005"]
[BlackElo "1884"]
[PlyCount "81"]
[EventDate "2010.06.24"]
[EventType "swiss"]
[EventRounds "9"]
[EventCountry "RUS"]
[SourceTitle "EXT 2012"]
[Source "ChessBase"]
[SourceDate "2011.11.24"]
[SourceVersion "1"]
[SourceVersionDate "2011.11.24"]
[SourceQuality "1"]

1. e4 e5 2. Nf3 Nc6 3. d4 exd4 4. Bc4 Nf6 5. 0-0 Nxe4 6. Re1 d5 7. Bxd5 Qxd5 8. Nc3 Qa5 9. Rxe4+ Be6 10. Nxd4 Nxd4 11. Qxd4 Rd8 12. Qe3 Be7 13. Bd2 0-0 14. Re5 Qb6 15. Qxb6 axb6 16. Bg5 Bxg5 17. Rxg5 Rd2 18. Rc1 Rfd8 19. Re5 h6 20. h3 c6 21. a4 R8d4 22. b3 g6 23. Ne4 Rd1+ 24. Rxd1 Rxd1+ 25. Kh2 Kg7 26. a5 bxa5 27. Rxa5 b5 28. Ra6 Rd4 29. f3 Bd5 30. Nc3 b4 31. Nxd5 cxd5 32. Rb6 Rd2 33. Rxb4 Rxc2 34. Rd4 Rb2 35. b4 Kf6 36. f4 g5 37. Kg3 Ke6 38. Kf3 f5 39. g3 Rb3+ 40. Kg2 Rb2+ 41. Kf3 1/2-1/2

[Event "Cheliabinsk Postovalov Memorial 4th"]
[Site "Cheliabinsk"]
[Date "2010.01.05"]
[Round "3"]
[White "Gorbushin, Maksim"]
[Black "Khafizova, Yana"]
[Result "1-0"]
[WhiteElo "2012"]
[BlackElo "1897"]
[PlyCount "45"]
[EventDate "2010.01.04"]
[EventType "swiss"]
[EventRounds "9"]
[EventCountry "RUS"]
[SourceTitle "CBM 134 Extra"]
[Source "ChessBase"]
[SourceDate "2010.03.03"]
[SourceVersion "1"]
[SourceVersionDate "2010.03.03"]
[SourceQuality "1"]

1. c4 e5 2. Nc3 Nf6 3. g3 d5 4. cxd5 Nxd5 5. Bg2 Be6 6. Nf3 Nc6 7. 0-0 Be7 8. d3 0-0 9. Bd2 f5 10. Nxd5 Bxd5 11. Bc3 Bf6 12. Re1 e4 13. Bxf6 Rxf6 14. dxe4 fxe4 15. Ng5 Rxf2 16. Kxf2 Qxg5 17. Kg1 Qe3+ 18. Kh1 Nd4 19. Qc1 Qf2 20. Qc5 c6 21. Rad1 Bxa2 22. Qxd4 e3 23. Rf1 1-0